[Event "Turniej Przyjazni Polsko-Wegierskiej 2016"]
[Site "Katowice (POL)"]
[Date "2016.05.08"]
[Round "9.10"]
[White "Socko, Monika"]
[Black "Rakhmangulova, Anastasiya"]
[Result "1-0"]
[BlackElo "2191"]
[WhiteElo "2424"]
[LiveChessVersion "1.4.8"]

1. e4 {[%clk 0:15:19]} d5 {[%clk 0:15:19]} 2. exd5 {[%clk 0:15:27]} Qxd5
{[%clk 0:15:28]} 3. Nc3 {[%clk 0:15:36]} Qd6 {[%clk 0:15:38]} 4. d4
{[%clk 0:15:43]} Nf6 {[%clk 0:15:46]} 5. Nf3 {[%clk 0:15:50]} g6 {[%clk 0:15:55]}
6. g3 {[%clk 0:15:57]} Bg7 {[%clk 0:16:03]} 7. Bg2 {[%clk 0:16:05]} Bg4
{[%clk 0:16:01]} 8. O-O {[%clk 0:16:07]} Nc6 {[%clk 0:15:45]} 9. Be3
{[%clk 0:15:53]} O-O-O {[%clk 0:15:33]} 10. h3 {[%clk 0:15:53]} Bf5
{[%clk 0:14:33]} 11. Ng5 {[%clk 0:14:47]} Rhf8 {[%clk 0:12:02]} 12. d5
{[%clk 0:13:19]} Nb4 {[%clk 0:11:05]} 13. Qd4 {[%clk 0:10:26]} Nxc2
{[%clk 0:07:21]} 14. Qxa7 {[%clk 0:10:35]} Qa6 {[%clk 0:07:30]} 15. Qxa6
{[%clk 0:09:56]} bxa6 {[%clk 0:07:39]} 16. Rad1 {[%clk 0:10:05]} Nxe3
{[%clk 0:07:11]} 17. fxe3 {[%clk 0:10:14]} h6 {[%clk 0:07:17]} 18. Nf3
{[%clk 0:08:28]} Ne4 {[%clk 0:07:13]} 19. g4 {[%clk 0:07:26]} Nxc3
{[%clk 0:07:09]} 20. bxc3 {[%clk 0:07:35]} Be4 {[%clk 0:07:18]} 21. c4
{[%clk 0:07:41]} c5 {[%clk 0:06:06]} 22. Ne1 {[%clk 0:05:58]} f5 {[%clk 0:04:07]}
23. gxf5 {[%clk 0:06:06]} gxf5 {[%clk 0:04:00]} 24. Nd3 {[%clk 0:05:29]} Bxd3
{[%clk 0:03:15]} 25. Rxd3 {[%clk 0:05:38]} Be5 {[%clk 0:03:11]} 26. Ra3
{[%clk 0:05:12]} Rf6 {[%clk 0:03:17]} 27. Rb1 {[%clk 0:05:07]} Rg8
{[%clk 0:02:51]} 28. Kf2 {[%clk 0:05:13]} f4 {[%clk 0:02:52]} 29. Bf3
{[%clk 0:04:44]} fxe3+ {[%clk 0:02:19]} 30. Kxe3 {[%clk 0:04:53]} Rg3
{[%clk 0:02:19]} 31. Ke2 {[%clk 0:04:51]} Kc7 {[%clk 0:02:12]} 32. d6+
{[%clk 0:04:11]} Bxd6 {[%clk 0:01:42]} 33. Rb7+ {[%clk 0:03:43]} Kc8
{[%clk 0:01:52]} 34. Ra7 {[%clk 0:03:06]} Bb8 {[%clk 0:01:50]} 35. Rxe7
{[%clk 0:02:56]} Kd8 {[%clk 0:01:46]} 36. Rb7 {[%clk 0:02:54]} Bc7
{[%clk 0:01:41]} 37. Rd3+ {[%clk 0:02:53]} Kc8 {[%clk 0:01:43]} 38. Rbb3
{[%clk 0:03:01]} Re6+ {[%clk 0:01:00]} 39. Kf2 {[%clk 0:02:47]} Rf6
{[%clk 0:01:08]} 40. Ke2 {[%clk 0:02:56]} Re6+ {[%clk 0:01:18]} 41. Kd1
{[%clk 0:02:30]} Rd6 {[%clk 0:01:27]} 42. Bg4+ {[%clk 0:01:53]} Kd8
{[%clk 0:01:36]} 43. Rxd6+ {[%clk 0:01:58]} Bxd6 {[%clk 0:01:46]} 44. Rb6
{[%clk 0:02:05]} Kc7 {[%clk 0:01:40]} 45. Rxa6 {[%clk 0:02:14]} h5
{[%clk 0:01:30]} 46. Bxh5 {[%clk 0:02:13]} Rxh3 {[%clk 0:01:39]} 47. Be2
{[%clk 0:02:16]} Rh1+ {[%clk 0:01:13]} 48. Kc2 {[%clk 0:02:22]} Rh2
{[%clk 0:01:08]} 49. Kd3 {[%clk 0:02:24]} Be5 {[%clk 0:01:07]} 50. a4
{[%clk 0:01:43]} Bd4 {[%clk 0:01:16]} 51. Bf3 {[%clk 0:01:27]} Rh3
{[%clk 0:01:26]} 52. Ke4 {[%clk 0:01:31]} Kb7 {[%clk 0:01:27]} 53. Rg6
{[%clk 0:01:36]} Ka7 {[%clk 0:01:34]} 54. a5 {[%clk 0:01:37]} Rh4+
{[%clk 0:01:30]} 55. Bg4 {[%clk 0:01:44]} Rh2 {[%clk 0:01:21]} 56. a6
{[%clk 0:01:39]} Rh7 {[%clk 0:00:43]} 57. Bc8 {[%clk 0:01:37]} Rc7
{[%clk 0:00:22]} 58. Bb7 {[%clk 0:01:41]} Re7+ {[%clk 0:00:29]} 59. Kd5
{[%clk 0:01:40]} Rd7+ {[%clk 0:00:36]} 60. Kc6 {[%clk 0:01:47]} Rg7
{[%clk 0:00:36]} 61. Re6 {[%clk 0:01:16]} Rg8 {[%clk 0:00:43]} 62. Kb5
{[%clk 0:01:21]} Rf8 {[%clk 0:00:32]} 63. Re7 {[%clk 0:01:27]} Rb8
{[%clk 0:00:23]} 64. Ka5 {[%clk 0:01:23]} Bc3+ {[%clk 0:00:32]} 65. Ka4
{[%clk 0:01:33]} Kb6 {[%clk 0:00:40]} 66. Re6+ {[%clk 0:01:40]} Ka7
{[%clk 0:00:48]} 67. Kb5 {[%clk 0:01:44]} Bb4 {[%clk 0:00:19]} 68. Re7
{[%clk 0:01:26]} Ba3 {[%clk 0:00:28]} 69. Kc6 {[%clk 0:01:07]} Rf8
{[%clk 0:00:25]} 70. Bc8+ {[%clk 0:01:14]} Ka8 {[%clk 0:00:34]} 71. Be6
{[%clk 0:01:20]} Bb4 {[%clk 0:00:13]} 72. Bd5 {[%clk 0:01:27]} Rf6+
{[%clk 0:00:16]} 73. Kb5+ {[%clk 0:01:32]} 1-0

[Event "Turniej Przyjazni Polsko-Wegierskiej"]
[Site "Katowice (POL)"]
[Date "2016.05.08"]
[Round "9.11"]
[White "Wieczorek, Oskar"]
[Black "Przedmojski, Rafal"]
[Result "1-0"]
[BlackElo "2398"]
[WhiteElo "2353"]
[LiveChessVersion "1.4.8"]

1. e4 {[%clk 0:15:18]} c5 {[%clk 0:15:19]} 2. Nf3 {[%clk 0:15:27]} Nc6
{[%clk 0:15:29]} 3. d4 {[%clk 0:15:30]} cxd4 {[%clk 0:15:38]} 4. Nxd4
{[%clk 0:15:38]} e5 {[%clk 0:15:47]} 5. Nb5 {[%clk 0:15:47]} d6 {[%clk 0:15:56]}
6. N1c3 {[%clk 0:15:55]} a6 {[%clk 0:16:05]} 7. Na3 {[%clk 0:16:04]} Be7
{[%clk 0:16:14]} 8. Nc4 {[%clk 0:16:12]} b5 {[%clk 0:16:20]} 9. Ne3
{[%clk 0:16:21]} Nf6 {[%clk 0:16:29]} 10. g3 {[%clk 0:16:30]} O-O
{[%clk 0:16:33]} 11. Bg2 {[%clk 0:16:37]} Rb8 {[%clk 0:16:39]} 12. O-O
{[%clk 0:16:39]} Be6 {[%clk 0:15:55]} 13. Ncd5 {[%clk 0:16:25]} Qd7
{[%clk 0:15:46]} 14. a4 {[%clk 0:14:32]} Bd8 {[%clk 0:15:31]} 15. axb5
{[%clk 0:13:17]} axb5 {[%clk 0:15:39]} 16. Nxf6+ {[%clk 0:10:35]} Bxf6 17. Nd5
{[%clk 0:10:41]} Bd8 {[%clk 0:15:54]} 18. Be3 {[%clk 0:10:40]} h6
{[%clk 0:13:08]} 19. Qd2 {[%clk 0:09:45]} Bxd5 {[%clk 0:12:35]} 20. exd5
{[%clk 0:09:12]} Ne7 {[%clk 0:12:27]} 21. Ra7 {[%clk 0:08:40]} Rb7
{[%clk 0:12:36]} 22. Rfa1 {[%clk 0:08:49]} Nc8 {[%clk 0:12:09]} 23. Rxb7
{[%clk 0:08:06]} Qxb7 {[%clk 0:12:18]} 24. Qb4 {[%clk 0:08:01]} f5
{[%clk 0:11:53]} 25. Bf1 {[%clk 0:06:21]} f4 {[%clk 0:11:57]} 26. gxf4
{[%clk 0:06:22]} exf4 {[%clk 0:12:05]} 27. Bxf4 {[%clk 0:06:20]} Bb6
{[%clk 0:11:31]} 28. Bg3 {[%clk 0:05:52]} Ne7 {[%clk 0:09:26]} 29. Qxd6
{[%clk 0:02:50]} Nf5 {[%clk 0:09:34]} 30. Qe6+ {[%clk 0:01:52]} Kh8
{[%clk 0:09:42]} 31. Bd3 {[%clk 0:01:51]} Nxg3 {[%clk 0:09:33]} 32. hxg3
{[%clk 0:01:59]} Bxf2+ {[%clk 0:07:32]} 33. Kg2 {[%clk 0:01:45]} g5
{[%clk 0:05:26]} 34. Qxh6+ {[%clk 0:01:50]} Kg8 {[%clk 0:05:34]} 35. Qxg5+
{[%clk 0:01:47]} Qg7 {[%clk 0:05:43]} 36. Qxg7+ {[%clk 0:01:45]} Kxg7
{[%clk 0:05:52]} 37. Rf1 {[%clk 0:01:40]} Bd4 {[%clk 0:05:50]} 38. Rxf8
{[%clk 0:01:48]} Kxf8 {[%clk 0:05:59]} 39. c3 {[%clk 0:01:57]} Be5
{[%clk 0:06:06]} 40. Bxb5 {[%clk 0:02:06]} Ke7 {[%clk 0:06:16]} 41. Kf3
{[%clk 0:02:12]} Kd6 {[%clk 0:06:25]} 42. Bc6 {[%clk 0:02:10]} Bg7
{[%clk 0:06:32]} 43. Ke4 {[%clk 0:02:17]} Kc5 {[%clk 0:06:39]} 44. g4
{[%clk 0:02:25]} Bh6 {[%clk 0:06:48]} 45. Kf5 {[%clk 0:02:28]} Bc1
{[%clk 0:06:56]} 46. b4+ {[%clk 0:02:29]} Kd6 {[%clk 0:07:02]} 47. Ke4
{[%clk 0:02:12]} Bd2 {[%clk 0:07:10]} 48. Kd3 {[%clk 0:02:22]} Bg5
{[%clk 0:07:16]} 49. c4 {[%clk 0:02:29]} Bh4 {[%clk 0:07:18]} 50. c5+
{[%clk 0:02:38]} Ke5 {[%clk 0:07:27]} 51. Kc4 {[%clk 0:02:46]} 1-0

[Event "Turniej Przyjazni Polsko-Wegierskiej 2016"]
[Site "Katowice (POL)"]
[Date "2016.05.08"]
[Round "9.12"]
[White "Azarov, Sergei"]
[Black "Janik, Igor"]
[Result "1-0"]
[BlackElo "2199"]
[WhiteElo "2582"]
[LiveChessVersion "1.4.8"]

1. e4 {[%clk 0:15:19]} c5 {[%clk 0:15:19]} 2. Nf3 {[%clk 0:15:27]} Nc6
{[%clk 0:15:28]} 3. Bb5 {[%clk 0:15:34]} g6 {[%clk 0:15:36]} 4. Bxc6
{[%clk 0:15:38]} bxc6 {[%clk 0:15:45]} 5. d4 {[%clk 0:15:40]} cxd4
{[%clk 0:15:50]} 6. Qxd4 {[%clk 0:15:47]} Nf6 {[%clk 0:15:54]} 7. e5
{[%clk 0:15:50]} Nd5 {[%clk 0:16:01]} 8. O-O {[%clk 0:15:43]} Bg7
{[%clk 0:16:02]} 9. c4 {[%clk 0:15:06]} Nc7 {[%clk 0:16:09]} 10. Qh4
{[%clk 0:15:00]} Ne6 {[%clk 0:16:13]} 11. Bh6 {[%clk 0:14:32]} Rb8
{[%clk 0:15:38]} 12. b3 {[%clk 0:14:17]} Qa5 {[%clk 0:15:40]} 13. Bxg7
{[%clk 0:14:05]} Nxg7 {[%clk 0:15:49]} 14. Nbd2 {[%clk 0:13:59]} Qa3
{[%clk 0:14:58]} 15. Ne4 {[%clk 0:12:57]} Ne6 {[%clk 0:13:33]} 16. Rfd1
{[%clk 0:12:21]} a5 {[%clk 0:13:10]} 17. Nfg5 {[%clk 0:10:44]} a4
{[%clk 0:12:17]} 18. Nxh7 {[%clk 0:10:04]} Kd8 {[%clk 0:11:03]} 19. Nd6
{[%clk 0:10:08]} Ng5 {[%clk 0:10:48]} 20. Qxg5 {[%clk 0:09:23]} Rxh7
{[%clk 0:10:57]} 21. e6 {[%clk 0:09:11]} 1-0

[Event "Turniej Przyjazni Polsko-Wegierskiej"]
[Site "Katowice (POL)"]
[Date "2016.05.08"]
[Round "9.13"]
[White "Slabek, Grzegorz"]
[Black "Dziuba, Marcin"]
[Result "0-1"]
[BlackElo "2566"]
[WhiteElo "2172"]
[LiveChessVersion "1.4.8"]

1. Nf3 {[%clk 0:15:18]} d5 {[%clk 0:15:02]} 2. e3 {[%clk 0:15:24]} c5
{[%clk 0:15:05]} 3. d4 {[%clk 0:15:31]} Nf6 {[%clk 0:15:06]} 4. Be2
{[%clk 0:15:33]} g6 {[%clk 0:14:56]} 5. O-O {[%clk 0:15:34]} Bg7 {[%clk 0:15:05]}
6. b3 {[%clk 0:15:32]} cxd4 {[%clk 0:15:09]} 7. Nxd4 {[%clk 0:15:39]} O-O
{[%clk 0:15:11]} 8. Bb2 {[%clk 0:15:47]} e5 {[%clk 0:14:16]} 9. Nf3
{[%clk 0:15:51]} e4 {[%clk 0:14:25]} 10. Nd4 {[%clk 0:15:56]} Re8
{[%clk 0:12:57]} 11. Nd2 {[%clk 0:15:58]} a6 {[%clk 0:13:01]} 12. c4
{[%clk 0:16:05]} dxc4 {[%clk 0:13:05]} 13. Nxc4 {[%clk 0:16:05]} b5
{[%clk 0:13:08]} 14. Nd2 {[%clk 0:16:04]} Nbd7 {[%clk 0:13:13]} 15. a4
{[%clk 0:15:00]} bxa4 {[%clk 0:13:17]} 16. bxa4 {[%clk 0:14:52]} Ne5
{[%clk 0:12:16]} 17. Nc4 {[%clk 0:14:39]} Nxc4 {[%clk 0:12:24]} 18. Bxc4
{[%clk 0:14:47]} Ng4 {[%clk 0:12:32]} 19. h3 {[%clk 0:13:49]} Ne5
{[%clk 0:12:30]} 20. Be2 {[%clk 0:13:53]} Qg5 {[%clk 0:12:03]} 21. Kh2
{[%clk 0:13:07]} Bb7 {[%clk 0:11:47]} 22. Rc1 {[%clk 0:12:23]} Rad8
{[%clk 0:10:19]} 23. Qb3 {[%clk 0:09:57]} Bd5 {[%clk 0:09:26]} 24. Qd1
{[%clk 0:09:58]} Nd3 {[%clk 0:08:40]} 25. Bxd3 {[%clk 0:09:46]} exd3
{[%clk 0:08:48]} 26. Qg4 {[%clk 0:09:19]} Qxg4 {[%clk 0:07:39]} 27. hxg4
{[%clk 0:09:26]} Bxd4 {[%clk 0:07:48]} 28. Bxd4 {[%clk 0:09:14]} Bb3
{[%clk 0:07:56]} 29. a5 {[%clk 0:08:09]} d2 {[%clk 0:07:06]} 30. Rb1
{[%clk 0:08:04]} Bc2 {[%clk 0:07:03]} 31. Rbd1 {[%clk 0:08:04]} Bxd1
{[%clk 0:07:05]} 32. Rxd1 {[%clk 0:08:11]} Rd5 {[%clk 0:07:13]} 33. Rxd2
{[%clk 0:08:17]} Rxa5 {[%clk 0:07:22]} 34. Bf6 {[%clk 0:07:56]} h6
{[%clk 0:06:32]} 35. e4 {[%clk 0:07:00]} g5 {[%clk 0:04:45]} 36. e5
{[%clk 0:06:52]} Ra4 {[%clk 0:04:25]} 37. Kg3 {[%clk 0:06:31]} a5
{[%clk 0:03:33]} 38. Rd7 {[%clk 0:06:32]} Ra8 {[%clk 0:03:13]} 39. e6
{[%clk 0:04:45]} fxe6 {[%clk 0:03:22]} 40. Rg7+ {[%clk 0:04:51]} Kf8
{[%clk 0:03:31]} 41. Rh7 {[%clk 0:04:49]} Ra6 {[%clk 0:03:26]} 42. Rxh6
{[%clk 0:04:56]} Rc4 {[%clk 0:03:19]} 43. Bxg5 {[%clk 0:04:26]} Kg7
{[%clk 0:03:03]} 44. Rh1 {[%clk 0:03:52]} a4 {[%clk 0:03:10]} 45. Bf4
{[%clk 0:03:38]} a3 {[%clk 0:02:16]} 46. Be5+ {[%clk 0:03:42]} Kg6
{[%clk 0:02:25]} 47. Re1 {[%clk 0:02:22]} a2 {[%clk 0:02:29]} 48. f4
{[%clk 0:01:59]} Rb4 {[%clk 0:02:21]} 49. Rf1 {[%clk 0:00:47]} Rb1
{[%clk 0:02:23]} 50. f5+ {[%clk 0:00:52]} exf5 {[%clk 0:02:20]} 51. gxf5+
{[%clk 0:00:59]} Kg5 {[%clk 0:01:44]} 52. Rf3 {[%clk 0:00:39]} a1=Q
{[%clk 0:01:41]} 53. Bxa1 {[%clk 0:00:46]} Rbxa1 {[%clk 0:01:49]} 0-1

[Event "Turniej Przyjazni Polsko-Wegierskiej"]
[Site "Katowice (POL)"]
[Date "2016.05.08"]
[Round "9.15"]
[White "Jarmula, Lukasz"]
[Black "Nguyen, Piotr"]
[Result "1/2-1/2"]
[BlackElo "2360"]
[WhiteElo "2216"]
[LiveChessVersion "1.4.8"]

1. e4 {[%clk 0:15:15]} c5 {[%clk 0:15:19]} 2. Nf3 {[%clk 0:15:23]} g6
{[%clk 0:15:27]} 3. d4 {[%clk 0:15:10]} cxd4 {[%clk 0:15:35]} 4. Qxd4
{[%clk 0:15:10]} Nf6 {[%clk 0:15:44]} 5. Nc3 {[%clk 0:15:18]} Nc6
{[%clk 0:15:50]} 6. Qa4 {[%clk 0:15:26]} d6 {[%clk 0:15:52]} 7. e5
{[%clk 0:15:33]} Ng4 {[%clk 0:15:53]} 8. Bb5 {[%clk 0:08:39]} Bg7
{[%clk 0:15:44]} 9. Bxc6+ {[%clk 0:08:15]} bxc6 {[%clk 0:15:52]} 10. Qxc6+
{[%clk 0:08:24]} Bd7 {[%clk 0:15:59]} 11. Qe4 {[%clk 0:07:58]} Nxe5
{[%clk 0:15:07]} 12. Nxe5 {[%clk 0:08:04]} Bxe5 {[%clk 0:14:59]} 13. Bh6
{[%clk 0:07:55]} Rb8 {[%clk 0:15:03]} 14. O-O {[%clk 0:07:31]} Rxb2
{[%clk 0:13:27]} 15. Nd5 {[%clk 0:06:36]} e6 {[%clk 0:12:56]} 16. f4
{[%clk 0:06:17]} exd5 {[%clk 0:10:27]} 17. Qe1 {[%clk 0:06:15]} Bf5
{[%clk 0:08:54]} 18. fxe5 {[%clk 0:06:17]} Rxc2 {[%clk 0:08:37]} 19. exd6+
{[%clk 0:03:23]} Be4 {[%clk 0:08:19]} 20. Rf2 {[%clk 0:03:17]} Qb6
{[%clk 0:07:17]} 21. Be3 {[%clk 0:02:59]} Qb2 {[%clk 0:07:09]} 22. Rc1
{[%clk 0:01:19]} Rxf2 {[%clk 0:06:07]} 23. Qxf2 {[%clk 0:01:28]} Qxf2+
{[%clk 0:06:04]} 24. Bxf2 {[%clk 0:00:51]} Kd7 {[%clk 0:06:03]} 25. Bg3
{[%clk 0:00:15]} Rc8 {[%clk 0:06:09]} 26. Rxc8 {[%clk 0:00:15]} Kxc8
{[%clk 0:06:18]} 27. Be5 {[%clk 0:00:17]} Kd7 {[%clk 0:06:17]} 28. Kf2
{[%clk 0:00:26]} f6 {[%clk 0:06:09]} 29. Bxf6 {[%clk 0:00:33]} Kxd6
{[%clk 0:06:17]} 30. Bd4 {[%clk 0:00:38]} a6 {[%clk 0:06:24]} 31. g3
{[%clk 0:00:42]} Ke6 {[%clk 0:06:27]} 32. g4 {[%clk 0:00:26]} Bd3
{[%clk 0:06:02]} 33. Ke3 {[%clk 0:00:23]} Bc4 {[%clk 0:05:35]} 34. a3
{[%clk 0:00:17]} g5 {[%clk 0:05:21]} 35. Kf3 {[%clk 0:00:21]} Bb3
{[%clk 0:05:27]} 36. Kg3 {[%clk 0:00:21]} Bd1 {[%clk 0:05:28]} 37. h4
{[%clk 0:00:12]} gxh4+ {[%clk 0:04:45]} 1/2-1/2

[Event "Turniej Przyjazni Polsko-Wegierskiej"]
[Site "Katowice (POL)"]
[Date "2016.05.08"]
[Round "9.16"]
[White "Dubinski, Mateusz"]
[Black "Schmidt, Wlodzimierz"]
[Result "1-0"]
[BlackElo "2297"]
[WhiteElo "2203"]
[LiveChessVersion "1.4.8"]

1. d4 {[%clk 0:15:19]} Nf6 {[%clk 0:15:18]} 2. c4 {[%clk 0:15:27]} g6
{[%clk 0:15:26]} 3. Nc3 {[%clk 0:15:36]} d5 {[%clk 0:15:34]} 4. Bf4
{[%clk 0:15:43]} Bg7 {[%clk 0:15:41]} 5. e3 {[%clk 0:15:49]} O-O {[%clk 0:15:27]}
6. Nf3 {[%clk 0:15:53]} c5 {[%clk 0:15:32]} 7. dxc5 {[%clk 0:13:59]} Qa5
{[%clk 0:15:38]} 8. Bxb8 {[%clk 0:13:48]} Rxb8 {[%clk 0:15:43]} 9. Qb3
{[%clk 0:13:55]} Ne4 {[%clk 0:14:58]} 10. Rc1 {[%clk 0:13:45]} dxc4
{[%clk 0:14:02]} 11. Bxc4 {[%clk 0:11:40]} Nxc3 {[%clk 0:13:37]} 12. bxc3
{[%clk 0:11:45]} Qxc5 {[%clk 0:13:45]} 13. O-O {[%clk 0:10:21]} Bg4
{[%clk 0:13:29]} 14. Nd4 {[%clk 0:09:28]} b5 {[%clk 0:13:10]} 15. Bd5
{[%clk 0:06:51]} e6 {[%clk 0:12:14]} 16. Be4 {[%clk 0:05:51]} e5 {[%clk 0:12:07]}
17. Nc6 {[%clk 0:05:30]} Rbc8 {[%clk 0:11:53]} 18. Qb4 {[%clk 0:04:40]} Qxb4
{[%clk 0:11:24]} 19. cxb4 {[%clk 0:04:48]} Rc7 {[%clk 0:11:23]} 20. Rc5
{[%clk 0:03:51]} a6 {[%clk 0:09:37]} 21. Rfc1 {[%clk 0:03:28]} Be6
{[%clk 0:08:51]} 22. a3 {[%clk 0:03:15]} f6 {[%clk 0:08:16]} 23. g3
{[%clk 0:02:57]} Rd7 {[%clk 0:07:57]} 24. Kg2 {[%clk 0:02:18]} f5
{[%clk 0:03:58]} 25. Bd5 {[%clk 0:01:56]} Re8 {[%clk 0:03:54]} 26. Bxe6+
{[%clk 0:01:37]} Rxe6 {[%clk 0:04:03]} 27. Nb8 {[%clk 0:01:33]} Rb7
{[%clk 0:03:10]} 28. Rc8+ {[%clk 0:01:35]} Bf8 {[%clk 0:03:18]} 29. R1c7
{[%clk 0:01:25]} Rxc7 {[%clk 0:02:50]} 30. Rxc7 {[%clk 0:01:34]} e4
{[%clk 0:00:49]} 31. Ra7 {[%clk 0:01:26]} Bg7 {[%clk 0:00:37]} 32. Nxa6
{[%clk 0:01:25]} Rd6 {[%clk 0:00:20]} 33. Nc7 {[%clk 0:01:22]} 1-0

[Event "Turniej Przyjazni Polsko-Wegierskiej"]
[Site "Katowice (POL)"]
[Date "2016.05.08"]
[Round "9.17"]
[White "Masternak, Grzegorz"]
[Black "Cukrowski, Filip"]
[Result "1-0"]
[BlackElo "2193"]
[WhiteElo "2251"]
[LiveChessVersion "1.4.8"]

1. e4 {[%clk 0:15:19]} c5 {[%clk 0:15:19]} 2. Nc3 {[%clk 0:15:27]} d6
{[%clk 0:15:24]} 3. g3 {[%clk 0:15:36]} Nc6 {[%clk 0:15:32]} 4. Bg2
{[%clk 0:15:44]} g6 {[%clk 0:15:41]} 5. d3 {[%clk 0:15:53]} Bg7 {[%clk 0:15:50]}
6. Be3 {[%clk 0:16:00]} e6 {[%clk 0:15:52]} 7. Qd2 {[%clk 0:16:08]} Nd4
{[%clk 0:15:57]} 8. Nd1 {[%clk 0:16:11]} Ne7 {[%clk 0:16:03]} 9. c3
{[%clk 0:16:20]} h6 {[%clk 0:15:59]} 10. f4 {[%clk 0:16:09]} Ndc6
{[%clk 0:16:01]} 11. Nf3 {[%clk 0:16:17]} b6 {[%clk 0:16:05]} 12. d4
{[%clk 0:16:09]} cxd4 {[%clk 0:16:05]} 13. cxd4 {[%clk 0:16:16]} d5
{[%clk 0:16:10]} 14. e5 {[%clk 0:16:21]} Ba6 {[%clk 0:16:14]} 15. Bf1
{[%clk 0:16:07]} Bxf1 {[%clk 0:16:07]} 16. Kxf1 {[%clk 0:16:16]} h5
{[%clk 0:16:16]} 17. Kg2 {[%clk 0:16:19]} Nf5 {[%clk 0:16:21]} 18. h3
{[%clk 0:16:27]} Bf8 {[%clk 0:15:25]} 19. Nc3 {[%clk 0:16:18]} Bb4
{[%clk 0:15:19]} 20. Bf2 {[%clk 0:16:08]} Rc8 {[%clk 0:14:08]} 21. g4
{[%clk 0:15:28]} Nh6 {[%clk 0:13:24]} 22. Bh4 {[%clk 0:14:56]} Qd7
{[%clk 0:12:22]} 23. Bf6 {[%clk 0:14:50]} Rg8 {[%clk 0:12:17]} 24. Bg5
{[%clk 0:14:12]} Bf8 {[%clk 0:09:47]} 25. Rac1 {[%clk 0:13:48]} Na5
{[%clk 0:09:46]} 26. b3 {[%clk 0:13:21]} Rh8 {[%clk 0:05:20]} 27. Qd3
{[%clk 0:12:14]} Nc6 {[%clk 0:04:42]} 28. Nb5 {[%clk 0:10:27]} a6
{[%clk 0:04:44]} 29. Nc3 {[%clk 0:10:29]} Nb4 {[%clk 0:04:27]} 30. Qe2
{[%clk 0:09:42]} Qb7 {[%clk 0:04:20]} 31. Kg3 {[%clk 0:08:51]} Be7
{[%clk 0:04:12]} 32. Na4 {[%clk 0:07:32]} Nc6 {[%clk 0:03:50]} 33. Qd2
{[%clk 0:05:57]} Kd7 {[%clk 0:03:24]} 34. Bf6 {[%clk 0:05:33]} Rhe8
{[%clk 0:03:18]} 35. f5 {[%clk 0:04:50]} Ng8 {[%clk 0:02:46]} 36. fxe6+
{[%clk 0:04:47]} fxe6 {[%clk 0:02:55]} 37. Qg5 {[%clk 0:04:12]} Rf8
{[%clk 0:02:56]} 38. Qxg6 {[%clk 0:03:57]} Nxf6 {[%clk 0:02:48]} 39. exf6
{[%clk 0:03:54]} Rxf6 {[%clk 0:02:50]} 40. Qxh5 {[%clk 0:03:25]} Rxf3+
{[%clk 0:01:50]} 41. Kxf3 {[%clk 0:03:34]} Nxd4+ {[%clk 0:01:59]} 42. Kg2
{[%clk 0:03:11]} Nc2 {[%clk 0:01:43]} 43. Qe5 {[%clk 0:02:26]} b5
{[%clk 0:01:41]} 44. Nb2 {[%clk 0:02:26]} d4+ {[%clk 0:01:27]} 45. Kg1
{[%clk 0:02:33]} Qf3 {[%clk 0:00:44]} 46. Rh2 {[%clk 0:02:20]} d3
{[%clk 0:00:38]} 47. Rg2 {[%clk 0:02:12]} Rc5 {[%clk 0:00:21]} 48. Qg3
{[%clk 0:01:52]} Qxg3 {[%clk 0:00:21]} 49. Rxg3 {[%clk 0:02:01]} d2
{[%clk 0:00:17]} 50. Rd1 {[%clk 0:02:04]} Rd5 {[%clk 0:00:24]} 51. Rd3
{[%clk 0:01:55]} Bc5+ {[%clk 0:00:33]} 52. Kh1 {[%clk 0:01:48]} Bb4
{[%clk 0:00:38]} 53. Rf3 {[%clk 0:01:44]} e5 {[%clk 0:00:32]} 54. Nd3
{[%clk 0:01:40]} e4 {[%clk 0:00:15]} 55. Nxb4 {[%clk 0:01:36]} Nxb4
{[%clk 0:00:24]} 56. Re3 {[%clk 0:01:38]} Rd4 {[%clk 0:00:22]} 57. Re2
{[%clk 0:01:45]} Nd3 {[%clk 0:00:18]} 58. Rdxd2 {[%clk 0:01:46]} Kd6
{[%clk 0:00:20]} 59. Rxe4 {[%clk 0:01:53]} Nf2+ {[%clk 0:00:26]} 60. Rxf2
{[%clk 0:02:02]} Rxe4 {[%clk 0:00:36]} 61. Kg2 {[%clk 0:02:10]} Ke5
{[%clk 0:00:45]} 62. g5 {[%clk 0:02:19]} Ke6 {[%clk 0:00:52]} 63. g6
{[%clk 0:02:23]} Re5 {[%clk 0:00:59]} 64. h4 {[%clk 0:02:32]} Re4
{[%clk 0:01:00]} 65. Kg3 {[%clk 0:02:36]} Re3+ {[%clk 0:01:09]} 66. Kg4
{[%clk 0:02:42]} Re1 {[%clk 0:01:17]} 67. Kg5 {[%clk 0:02:46]} Rg1+
{[%clk 0:01:23]} 68. Kh6 {[%clk 0:02:54]} 1-0

[Event "Turniej Przyjazni Polsko-Wegierskiej"]
[Site "Katowice (POL)"]
[Date "2016.05.08"]
[Round "9.18"]
[White "Kowalczyk, Rafal"]
[Black "Szczepkowska-horowska, Karina"]
[Result "1-0"]
[BlackElo "2244"]
[WhiteElo "2147"]
[LiveChessVersion "1.4.8"]

1. e4 {[%clk 0:15:17]} e5 {[%clk 0:15:17]} 2. Nf3 {[%clk 0:15:07]} Nc6
{[%clk 0:15:26]} 3. d4 {[%clk 0:15:16]} exd4 {[%clk 0:15:34]} 4. Nxd4
{[%clk 0:15:24]} Nf6 {[%clk 0:15:36]} 5. Nxc6 {[%clk 0:15:33]} bxc6
{[%clk 0:15:44]} 6. e5 {[%clk 0:15:41]} Qe7 {[%clk 0:15:53]} 7. Qe2
{[%clk 0:15:50]} Nd5 {[%clk 0:16:02]} 8. c4 {[%clk 0:15:59]} Ba6 {[%clk 0:16:11]}
9. b3 {[%clk 0:16:07]} O-O-O {[%clk 0:16:14]} 10. Bb2 {[%clk 0:16:08]} Qg5
{[%clk 0:15:58]} 11. a3 {[%clk 0:14:34]} Nf4 {[%clk 0:15:05]} 12. Qf3
{[%clk 0:10:41]} Bb7 {[%clk 0:14:25]} 13. h4 {[%clk 0:10:45]} Qf5
{[%clk 0:14:10]} 14. Qe3 {[%clk 0:09:07]} c5 {[%clk 0:11:13]} 15. Rg1
{[%clk 0:08:20]} Ne6 {[%clk 0:09:31]} 16. Nd2 {[%clk 0:06:14]} Nd4
{[%clk 0:09:01]} 17. Bd3 {[%clk 0:03:59]} Qg4 {[%clk 0:08:26]} 18. f3
{[%clk 0:00:46]} Qg3+ {[%clk 0:08:11]} 19. Kd1 {[%clk 0:00:36]} Re8
{[%clk 0:08:10]} 20. Bxd4 {[%clk 0:00:32]} cxd4 {[%clk 0:08:19]} 21. Qxd4
{[%clk 0:00:41]} c5 {[%clk 0:07:19]} 22. Qc3 {[%clk 0:00:30]} Rxe5
{[%clk 0:04:48]} 23. Kc2 {[%clk 0:00:29]} Bd6 {[%clk 0:03:37]} 24. Be4
{[%clk 0:00:42]} Bc7 {[%clk 0:01:57]} 25. Rad1 {[%clk 0:00:42]} Rhe8
{[%clk 0:01:56]} 26. Bxb7+ {[%clk 0:00:34]} Kxb7 {[%clk 0:02:04]} 27. Ne4
{[%clk 0:00:44]} Rxe4 {[%clk 0:01:40]} 28. fxe4 {[%clk 0:00:51]} Qxh4
{[%clk 0:01:34]} 29. Qf3 {[%clk 0:00:38]} Qxe4+ {[%clk 0:01:25]} 30. Qxe4+
{[%clk 0:00:47]} Rxe4 {[%clk 0:01:34]} 31. Rxd7 {[%clk 0:00:55]} Rf4
{[%clk 0:01:28]} 32. Kd3 {[%clk 0:00:21]} Kc6 {[%clk 0:01:30]} 33. Re7
{[%clk 0:00:22]} g6 {[%clk 0:01:26]} 34. b4 {[%clk 0:00:15]} Rd4+
{[%clk 0:01:08]} 35. Kc3 {[%clk 0:00:23]} f6 {[%clk 0:01:10]} 36. b5+
{[%clk 0:00:18]} Kd6 {[%clk 0:00:56]} 37. Rxh7 {[%clk 0:00:16]} Ba5+
{[%clk 0:01:06]} 38. Kb3 {[%clk 0:00:20]} Rd3+ {[%clk 0:01:10]} 39. Ka4
{[%clk 0:00:18]} Bb6 {[%clk 0:00:59]} 40. Rh3 {[%clk 0:00:23]} Rd4
{[%clk 0:01:01]} 41. Kb3 {[%clk 0:00:31]} f5 {[%clk 0:00:56]} 42. Rg3
{[%clk 0:00:35]} Ke5 {[%clk 0:01:02]} 43. Rxg6 {[%clk 0:00:23]} Rd3+
{[%clk 0:01:11]} 44. Kb2 {[%clk 0:00:27]} Bd8 {[%clk 0:00:54]} 45. Re1+
{[%clk 0:00:21]} Kf4 {[%clk 0:01:00]} 46. Re2 {[%clk 0:00:20]} Bc7
{[%clk 0:01:03]} 47. Rge6 {[%clk 0:00:18]} Kg4 {[%clk 0:00:52]} 48. Re7
{[%clk 0:00:22]} Bd8 {[%clk 0:00:55]} 49. Rxa7 {[%clk 0:00:22]} Bf6+
{[%clk 0:01:02]} 50. Ka2 {[%clk 0:00:30]} Rc3 {[%clk 0:01:05]} 51. Rf7
{[%clk 0:00:18]} Bd4 {[%clk 0:01:07]} 52. b6 {[%clk 0:00:25]} Rxc4
{[%clk 0:01:16]} 53. b7 {[%clk 0:00:34]} Rc1 {[%clk 0:01:24]} 54. Rb2
{[%clk 0:00:18]} 1-0